01781nac a22004211i 4500003000900000005001700009008004100026020001500067035002000082040004300102041001300145043003000158082002100188100005500209245011700264246006300381264006100444264001000505300005100515336002600566337002800592338002700620504005100647546006000698650003900758650004100797650006500838650006500903651004300968651005401011655001701065700003401082700003201116700003501148942001201183999001501195952014901210EG-ScBUE20240522142226.0240522t1993 ua b f b 001 0ceng d a9774243161 a(OCoLC)29716975 aEG-ScBUEbengerdacEG-ScBUEdEG-ScBUE1 aenghara af-ua---aa-is---ama-----04a956.048bJAM2221 aJamasī, Muḥammad ʻAbd al-Ghanī‏,eauthor.14aThe October war /cMohamed Abdel Ghani El-Gamasy ; translation by Gillian Potter, Nadra Morcos, Rosette Frances.34aOctober war :bmemoirs of field Marshal El-Gamasy of Egypt 1aCairo :bThe American University in Cairo Press,c[1993] 4cc1993 aviii, 430 pages :bmaps (some colors) ;c25 cm 2rdacontentatextbtxt aunmediated2rdamediabn avolumebnc2rdacarrier aIncludes bibliographical references and index. aText in English ; translated from the original Arabic.  7aMarshalszEgyptxBiography.2BUEsh 7aIsrael-Arab War, 1973zEgypt.2BUEsh 7aIsrael-Arab War, 1973xPersonal narratives, Egyptian.2BUEsh 7aIsrael-Arab War, 1967xPersonal narratives, Egyptian.2BUEsh 7aEgyptxArmed ForcesxBiography.2BUEsh 7aEgyptxPolitics and governmenty1970-1981.2BUEsh vReading book1 aPotter, Gillian,etranslator.1 aMorcos, Nadra,etranslator.1 aFrances, Rosette,etranslator. cBB2ddc c5557d5557 00102ddc40708AlahramaMAINbMAINc2NDd2007-10-31ePurchasel11m13o956.048 JAMp000007063r2025-07-15 00:00:00s2017-04-26w2007-10-31yBB